Office buildings (Record no. 115527)
[ view plain ]
| 000 -LEADER | |
|---|---|
| fixed length control field | 01219cam a22002535a 4500 |
| 001 - CONTROL NUMBER | |
| control field | L158829 |
| 008 - FIXED-LENGTH DATA ELEMENTS--GENERAL INFORMATION | |
| fixed length control field | 150730s2010 xxk f 000 0 eng d |
| 020 ## - INTERNATIONAL STANDARD BOOK NUMBER | |
| International Standard Book Number | 978097785705 |
| 035 ## - SYSTEM CONTROL NUMBER | |
| System control number | (Sirsi) u158829 |
| 041 0# - LANGUAGE CODE | |
| Language code of text/sound track or separate title | eng |
| 050 04 - LIBRARY OF CONGRESS CALL NUMBER | |
| Classification number | F692.3 |
| 110 2# - MAIN ENTRY--CORPORATE NAME | |
| Corporate name or jurisdiction name as entry element | Building Owners and Managers Association International |
| 9 (RLIN) | 6157 |
| 245 00 - TITLE STATEMENT | |
| Title | Office buildings |
| Remainder of title | Standard methods of measurement |
| 260 ## - PUBLICATION, DISTRIBUTION, ETC. | |
| Place of publication, distribution, etc. | Washington DC |
| Name of publisher, distributor, etc. | BOMA |
| Date of publication, distribution, etc. | 2010 |
| 300 ## - PHYSICAL DESCRIPTION | |
| Extent | iv, 64p 27cm |
| 520 ## - SUMMARY, ETC. | |
| Summary, etc. | This standard is intended to measure office buildings let to single and multiple occupants on a rentable area basis. Outlines two measurement methods: Legacy method calculates the rental areas of the building and each of its floor levels and Single Load Factor Method uses base building circulation which redistributes the rentable area of the building across its floor levels in a manner that produces an identical load factor on all floor levels of the building. The BOMA Standard for office buildings have been in use since 1915. |
| 590 ## - LOCAL NOTE (RLIN) | |
| Local note | KA |
| 650 24 - SUBJECT ADDED ENTRY--TOPICAL TERM | |
| Topical term or geographic name entry element | STANDARDS METHODS OF MEASUREMENT |
| 650 24 - SUBJECT ADDED ENTRY--TOPICAL TERM | |
| Topical term or geographic name entry element | OFFICES |
| 651 #4 - SUBJECT ADDED ENTRY--GEOGRAPHIC NAME | |
| Geographic name | United States |
| 690 ## - LOCAL SUBJECT ADDED ENTRY--TOPICAL TERM (OCLC, RLIN) | |
| Topical term or geographic name as entry element | Measurement |
| 9 (RLIN) | 6256 |
| 690 ## - LOCAL SUBJECT ADDED ENTRY--TOPICAL TERM (OCLC, RLIN) | |
| Topical term or geographic name as entry element | Commercial property |
| 9 (RLIN) | 6227 |
| 942 ## - ADDED ENTRY ELEMENTS (KOHA) | |
| Suppress in OPAC | 0 |
| Source of classification or shelving scheme | Dewey Decimal Classification |
| Withdrawn status | Lost status | Source of classification or shelving scheme | Damaged status | Not for loan | Home library | Current library | Shelving location | Date acquired | Total Checkouts | Full call number | Barcode | Date last seen | Copy number | Price effective from | Koha item type |
|---|---|---|---|---|---|---|---|---|---|---|---|---|---|---|---|
| Dewey Decimal Classification | London | London | Folio | 03/08/2015 | F692.3 BOM | 30078981 | 06/08/2019 | 1 | 06/08/2019 | Book |